| LEADER | 00739nam a2200205 a 4500 | ||
|---|---|---|---|
| 001 | GR-MES5278 | ||
| 008 | 991111s1997 enk 000 b eng d | ||
| 020 | |a 0262193868 | ||
| 040 | |a GrPaTEI |b gre |c GR-PaULI | ||
| 245 | 0 | 4 | |a The economics of contracts : |b a primer. |
| 260 | |a London : |b MIT, |c 1997 | ||
| 300 | |a ix,223σ. | ||
| 650 | 4 | |a Οικονομία | |
| 650 | 4 | |a ΣΥΜΒΟΛΑΙΑ | |
| 700 | 1 | |a Salanie, B. | |
| 710 | 2 | |a Massachusetts Institute of Technology | |
| 942 | |2 ddc | ||
| 952 | |0 0 |1 0 |2 ddc |4 0 |6 346_020000000000000_SAL |7 0 |9 275844 |a MSLG |b MSLG |c BSC |d 2021-01-17 |e 24 |f 0 |g 0.00 |l 0 |o 346.02 SAL |p 2420000014746 |r 2021-01-17 00:00:00 |t 1 |w 2021-01-17 |y BK15 |x 19991111 0 1 |x GrPaTEI | ||
| 971 | |a .b2583745x |b 16-04-20 |c 14-09-16 | ||
| 999 | |c 159898 |d 159898 | ||